000 00775nam a2200241 i 4500
001 bg
003 KOSZ 005
005 20210705145907.0
008 130116s1985 pl a f |000 0 pol
020 _a8301052546
040 _cBPK
044 _aPOL
080 _a316
080 _a303
100 1 _aMayntz, Renate.
245 1 0 _aWprowadzenie do metod socjologii empirycznej /
_cRenate Mayntz, Kurt Holm, Peter Hübner ; przekł. Wanda Lipnik.
260 _aWarszawa :
_bPaństwowe Wydawnictwo Naukowe,
_c1985.
300 _a317, [2] s. :
_bil. ;
_c21 cm.
504 _aBibliogr. s. [297]-306. Indeks.
650 4 _aSocjolgia
856 _uhttp://koha.tu.koszalin.pl/cgi-bin/koha/opac-detail.pl?biblionumber=53913
_yKatalog online BPK
942 _cKS
_2UKD
999 _c53913
_d53913